Timeline of the Flags of Spain - Click Quiz - Statistics

General Stats
  • This quiz has been taken 73 times
  • The average score is 6 of 9
Answers on the Map
Answers color-coded by a green-red scale on the quiz's map according to % correct below.
 
Answer Stats
Answer % Correct
96%
71%
71%
69%
63%
58%
58%
54%
48%
No matching quizzes found
Score Distribution
Percent of People with Each Score
Percentile by Number Answered
Your Score History
You have not taken this quiz